[Event "Bhubaneswar SOA op 1st"]
[Site "Bhubaneswar"]
[Date "2024.02.04"]
[Round "10"]
[White "Nithin, Babu"]
[Black "Audi, Ameya"]
[Result "1-0"]
[WhiteElo "2177"]
[BlackElo "2385"]
[PlyCount "135"]
[EventDate "2024.01.28"]
[EventType "swiss"]
[EventRounds "10"]
[EventCountry "IND"]
[SourceTitle "CB06_2024"]
[SourceDate "2024.02.07"]
[SourceVersion "1"]
[SourceVersionDate "2024.02.07"]
[SourceQuality "1"]

1. e4 c5 2. Nf3 d6 3. Bb5+ Nd7 4. c3 Ngf6 5. Qe2 a6 6. Ba4 b5 7. Bc2 Bb7 8. d4 e6 9. 0-0 Be7 10. Re1 cxd4 11. cxd4 Rc8 12. Bd3 0-0 13. Nbd2 Nb8 14. Nb3 d5 15. e5 Ne4 16. Nfd2 Qc7 17. Nxe4 dxe4 18. Bxe4 Bxe4 19. Qxe4 Qc2 20. Qxc2 Rxc2 21. Rb1 Nc6 22. Be3 Nb4 23. Rec1 Rxc1+ 24. Nxc1 Rc8 25. a3 Nc2 26. Nb3 Nxe3 27. fxe3 Bg5 28. Kf2 Rc2+ 29. Kf3 Kf8 30. Nc5 a5 31. Nb7 Ke7 32. Nxa5 f6 33. Nb3 h5 34. exf6+ gxf6 35. Nc5 f5 36. b4 Kd6 37. Rb3 Kd5 38. a4 bxa4 39. Nxa4 Kc4 40. Rb2 Rc1 41. b5 Re1 42. b6 Rxe3+ 43. Kf2 Ra3 44. b7 Bf4 45. g3 Bb8 46. Nc5 Kxd4 47. Nd7 Ba7 48. b8Q Bxb8 49. Nxb8 e5 50. Rd2+ Kc4 51. Nc6 e4 52. Ne5+ Kc3 53. Re2 Kd4 54. Ng6 Rb3 55. Rd2+ Kc3 56. Ke3 Kc4+ 57. Ke2 Ra3 58. Nh4 f4 59. gxf4 Rh3 60. Nf5 Rxh2+ 61. Ke3 Rh1 62. Nd6+ Kc5 63. Nxe4+ Kc6 64. f5 Rf1 65. f6 Rf5 66. Rf2 Rxf2 67. Kxf2 Kd7 68. Ng5 1-0

[Event "Bhubaneswar SOA op 1st"]
[Site "Bhubaneswar"]
[Date "2024.01.30"]
[Round "4"]
[White "Nithin, Babu"]
[Black "Sidhant, Mohapatra"]
[Result "1/2-1/2"]
[WhiteElo "2177"]
[BlackElo "2421"]
[PlyCount "60"]
[EventDate "2024.01.28"]
[EventType "swiss"]
[EventRounds "10"]
[EventCountry "IND"]
[SourceTitle "CB06_2024"]
[SourceDate "2024.02.07"]
[SourceVersion "1"]
[SourceVersionDate "2024.02.07"]
[SourceQuality "1"]

1. e4 c5 2. Nf3 d6 3. Bb5+ Nd7 4. c3 a6 5. Ba4 Ngf6 6. Qe2 b5 7. Bc2 e5 8. d4 Qc7 9. 0-0 Be7 10. a4 Rb8 11. axb5 axb5 12. h3 0-0 13. Be3 b4 14. dxe5 dxe5 15. Nbd2 bxc3 16. bxc3 Bb7 17. Bg5 Nb6 18. Bxf6 Bxf6 19. Nc4 Nxc4 20. Qxc4 Bc8 21. Rfb1 Be6 22. Qe2 Rxb1+ 23. Rxb1 Rb8 24. Qa6 h5 25. Nd2 Bg5 26. Rxb8+ Qxb8 27. Nc4 h4 28. Nb6 Qd6 29. Qa8+ Qd8 30. Qxd8+ Bxd8 1/2-1/2

[Event "Bangalore op 1st"]
[Site "Bangalore"]
[Date "2024.01.23"]
[Round "7"]
[White "Nithin, Babu"]
[Black "Sammed Jaykumar, Shete"]
[Result "1-0"]
[WhiteElo "2177"]
[BlackElo "2441"]
[PlyCount "79"]
[EventDate "2024.01.18"]
[EventType "swiss"]
[EventRounds "10"]
[EventCountry "IND"]
[SourceTitle "CB05_2024"]
[SourceDate "2024.01.31"]
[SourceVersion "1"]
[SourceVersionDate "2024.01.31"]
[SourceQuality "1"]

1. e4 c5 2. Nf3 e6 3. d4 cxd4 4. Nxd4 Nc6 5. Nc3 Nf6 6. Nxc6 bxc6 7. e5 Nd5 8. Ne4 Qc7 9. f4 Qb6 10. c4 Bb4+ 11. Ke2 f5 12. Nf2 Ba6 13. Kf3 Ne7 14. Be3 Bc5 15. Bxc5 Qxc5 16. Qd6 Qa5 17. h4 Nc8 18. Qd4 c5 19. Qe3 Rb8 20. b3 Ne7 21. Nd3 Rc8 22. Kf2 Bb7 23. Be2 Ng8 24. a3 Qb6 25. Rhc1 Nh6 26. b4 Qc6 27. g3 Ng4+ 28. Bxg4 fxg4 29. Nxc5 Qg2+ 30. Ke1 Ba8 31. Qf2 Qc6 32. Rd1 0-0 33. Kd2 d6 34. exd6 e5 35. Kc3 exf4 36. gxf4 Rf6 37. d7 Rd8 38. Qe3 Kf7 39. Re1 Qf3 40. Rad1 1-0

[Event "Indore op 2nd"]
[Site "Indore"]
[Date "2024.01.15"]
[Round "9"]
[White "Tahbaz, Arash"]
[Black "Nithin, Babu"]
[Result "1-0"]
[WhiteElo "2425"]
[BlackElo "2177"]
[PlyCount "85"]
[EventDate "2024.01.09"]
[EventType "swiss"]
[EventRounds "10"]
[EventCountry "IND"]
[SourceTitle "CB03_2024"]
[SourceDate "2024.01.17"]
[SourceVersion "1"]
[SourceVersionDate "2024.01.17"]
[SourceQuality "1"]

1. Nf3 Nf6 2. g3 g6 3. Bg2 Bg7 4. 0-0 0-0 5. c4 c5 6. d4 d6 7. Nc3 Nc6 8. dxc5 dxc5 9. Bf4 Nh5 10. Be3 b6 11. Qc1 Bb7 12. Rd1 Qe8 13. Bh6 Rd8 14. Qe3 Bxh6 15. Qxh6 f6 16. Rxd8 Nxd8 17. Rd1 Nf7 18. Qe3 e6 19. Nb5 Qe7 20. Qa3 a6 21. Nc3 Rd8 22. Rxd8+ Qxd8 23. b4 cxb4 24. Qxb4 Bc6 25. c5 bxc5 26. Qc4 Bxf3 27. Bxf3 Qb6 28. Na4 Qb5 29. Qxe6 Qxa4 30. Bd5 Kg7 31. Qxf7+ Kh6 32. Kg2 Qd4 33. e3 Qc3 34. g4 Ng7 35. h4 Qe5 36. Qd7 g5 37. hxg5+ Qxg5 38. f4 Qg6 39. Kf3 Qb1 40. g5+ fxg5 41. fxg5+ Kh5 42. Qg4+ Kg6 43. Be4+ 1-0

[Event "Indore op 2nd"]
[Site "Indore"]
[Date "2024.01.10"]
[Round "2"]
[White "Nithin, Babu"]
[Black "Neelash, Saha"]
[Result "0-1"]
[WhiteElo "2177"]
[BlackElo "2446"]
[PlyCount "114"]
[EventDate "2024.01.09"]
[EventType "swiss"]
[EventRounds "10"]
[EventCountry "IND"]
[SourceTitle "CB03_2024"]
[SourceDate "2024.01.17"]
[SourceVersion "1"]
[SourceVersionDate "2024.01.17"]
[SourceQuality "1"]

1. e4 c5 2. Nf3 d6 3. Bb5+ Nd7 4. a4 Ngf6 5. Nc3 a6 6. Be2 b6 7. d4 cxd4 8. Qxd4 Bb7 9. 0-0 e5 10. Qe3 Rc8 11. Rd1 Be7 12. Nd2 0-0 13. Nc4 Qc7 14. b4 Qb8 15. Ba3 Rc7 16. Nd5 Bxd5 17. exd5 Rfc8 18. Qb3 b5 19. Na5 Rc3 20. Qb1 Qb6 21. Nc6 Bf8 22. a5 Qc7 23. Qa2 Nxd5 24. Qxd5 Nf6 25. Qd2 Qxc6 26. Bd3 d5 27. Bf5 Rc7 28. Bb2 Bxb4 29. Qe2 e4 30. Bxc3 Bxc3 31. Ra2 g6 32. Bh3 Qc4 33. Qxc4 Rxc4 34. Ra3 Be5 35. g4 h6 36. Bf1 Rxc2 37. Bxb5 axb5 38. a6 Rc8 39. Rb1 b4 40. Rxb4 Bd6 41. a7 Bxb4 42. a8Q Rxa8 43. Rxa8+ Kg7 44. h3 d4 45. Rd8 Bc3 46. Kf1 h5 47. g5 Nh7 48. h4 Nf8 49. Rd5 f5 50. Rd6 Kf7 51. Ke2 Ke7 52. Ra6 Ne6 53. Ra7+ Kd6 54. Rf7 Nf4+ 55. Kd1 e3 56. fxe3 dxe3 57. Kc2 e2 0-1

[Event "Chennai op 14th"]
[Site "Chennai"]
[Date "2024.01.03"]
[Round "6"]
[White "Aronyak, Ghosh"]
[Black "Nithin, Babu"]
[Result "1-0"]
[WhiteElo "2545"]
[BlackElo "2102"]
[PlyCount "93"]
[EventDate "2023.12.31"]
[EventType "swiss"]
[EventRounds "10"]
[EventCountry "IND"]
[SourceTitle "CB02_2024"]
[SourceDate "2024.01.10"]
[SourceVersion "1"]
[SourceVersionDate "2024.01.10"]
[SourceQuality "1"]

1. Nf3 Nf6 2. c4 g6 3. b3 Bg7 4. Bb2 0-0 5. g3 c5 6. Bg2 d6 7. 0-0 e5 8. Nc3 Nc6 9. d3 h6 10. Nd2 Be6 11. Nde4 Ne8 12. Nd5 Ne7 13. Nxe7+ Qxe7 14. a3 Rb8 15. b4 b6 16. Qd2 f5 17. Nc3 Nf6 18. Rab1 h5 19. bxc5 dxc5 20. e4 h4 21. Nd5 Nxd5 22. exd5 Bd7 23. f4 hxg3 24. hxg3 exf4 25. Rbe1 Qd6 26. Bxg7 Kxg7 27. gxf4 Rbe8 28. Re5 Rxe5 29. Qb2 Rfe8 30. Re1 Kf6 31. Kf2 g5 32. fxe5+ Rxe5 33. Bh3 Be8 34. Kg3 Bh5 35. Kf2 Bg6 36. a4 f4 37. Be6 Bf5 38. Rh1 Bxe6 39. Rh6+ Ke7 40. Qa1 g4 41. Qh1 g3+ 42. Kf1 Kd8 43. d4 Rg5 44. Qh4 g2+ 45. Kg1 Qe7 46. Rxe6 Qg7 47. Re5 1-0

[Event "Madurai Athens of the East op 3rd"]
[Site "Madurai"]
[Date "2023.12.28"]
[Round "8"]
[White "Nitin, Senthilvel"]
[Black "Nithin, Babu"]
[Result "1-0"]
[WhiteElo "2385"]
[BlackElo "2102"]
[PlyCount "121"]
[EventDate "2023.12.23"]
[EventType "swiss"]
[EventRounds "10"]
[EventCountry "IND"]
[SourceTitle "CB06_2024"]
[SourceDate "2024.02.07"]
[SourceVersion "1"]
[SourceVersionDate "2024.02.07"]
[SourceQuality "1"]

1. c4 c5 2. Nc3 Nc6 3. g3 g6 4. Bg2 Bg7 5. d3 d6 6. Bd2 e5 7. a3 Nge7 8. Rb1 a5 9. e3 Be6 10. Nd5 0-0 11. Ne2 Rb8 12. Nec3 f5 13. 0-0 Bf7 14. b4 axb4 15. axb4 cxb4 16. Nxb4 Nxb4 17. Rxb4 d5 18. cxd5 Nxd5 19. Nxd5 Bxd5 20. Bxd5+ Qxd5 21. Qb3 Rfd8 22. Rb1 Rd7 23. Rb5 Qxb3 24. R1xb3 Rbd8 25. Ba5 Ra8 26. Kf1 Ra7 27. Ke2 Kf7 28. Bc3 Ke6 29. Rb6+ Kf7 30. h4 Ra2+ 31. Bb2 Ra7 32. Kd2 Ke8 33. R6b5 Re7 34. Rc3 Ra6 35. Rcb3 Ra7 36. e4 Kf7 37. Ke3 Bf6 38. Ba3 Rd7 39. Bc5 Ra6 40. Rxb7 Rxb7 41. Rxb7+ Kg8 42. Rc7 h5 43. Bb4 Ra2 44. Be7 Bg7 45. Bd6 Bh6+ 46. f4 fxe4 47. dxe4 exf4+ 48. gxf4 Rh2 49. e5 Rh1 50. Be7 Re1+ 51. Kd4 Rd1+ 52. Ke4 Re1+ 53. Kd5 Bxf4 54. Bf6 Rb1 55. Rg7+ Kf8 56. e6 Rd1+ 57. Ke4 Bd6 58. Rd7 Re1+ 59. Kd5 Rd1+ 60. Kc6 Be5 61. Bxe5 1-0

[Event "Meghalaya op 1st"]
[Site "Shillong"]
[Date "2023.12.16"]
[Round "5"]
[White "Nithin, Babu"]
[Black "Neelotpal, Das"]
[Result "1/2-1/2"]
[WhiteElo "2102"]
[BlackElo "2350"]
[PlyCount "106"]
[EventDate "2023.12.13"]
[EventType "swiss"]
[EventRounds "10"]
[EventCountry "IND"]
[SourceTitle "CB52_2023"]
[SourceDate "2023.12.27"]
[SourceVersion "1"]
[SourceVersionDate "2023.12.27"]
[SourceQuality "1"]

1. e4 c5 2. Nf3 Nc6 3. Bb5 d6 4. 0-0 Bd7 5. Re1 Nf6 6. h3 a6 7. Bf1 e5 8. c3 g5 9. Nxg5 Rg8 10. d4 cxd4 11. cxd4 Nxd4 12. Nc3 Rc8 13. Be3 Bh6 14. f4 Ne6 15. Qxd6 exf4 16. Bb6 Qe7 17. Qxe7+ Kxe7 18. Nf3 Ng5 19. Nxg5 Bxg5 20. e5 Nh5 21. Rad1 Be6 22. Be2 Ng3 23. Bf3 Kf8 24. a4 Be7 25. Nd5 Bxd5 26. Rxd5 Rc2 27. b3 Rc3 28. e6 Rg6 29. Bd4 fxe6 30. Bxc3 exd5 31. Bxd5 Bc5+ 32. Kh2 b6 33. Bc4 a5 34. Rd1 Ke7 35. Be5 Be3 36. Bb5 Ke6 37. Bc7 Ne4 38. Bd7+ Kf6 39. Bc6 Nd2 40. Bd5 Rg7 41. Bd8+ Ke5 42. Bc6 Nxb3 43. Rd5+ Ke6 44. Rh5 Nd2 45. Rh6+ Rg6 46. Rxg6+ hxg6 47. Be8 Nf1+ 48. Kh1 Ng3+ 49. Kh2 Nf1+ 50. Kh1 Ng3+ 51. Kh2 Nf1+ 52. Kh1 Ng3+ 53. Kh2 Nf1+ 1/2-1/2

[Event "Meghalaya op 1st"]
[Site "Shillong"]
[Date "2023.12.15"]
[Round "4"]
[White "Nithin, Babu"]
[Black "Nguyen, Duc Hoa"]
[Result "1-0"]
[WhiteElo "2102"]
[BlackElo "2335"]
[PlyCount "57"]
[EventDate "2023.12.13"]
[EventType "swiss"]
[EventRounds "10"]
[EventCountry "IND"]
[SourceTitle "CB52_2023"]
[SourceDate "2023.12.27"]
[SourceVersion "1"]
[SourceVersionDate "2023.12.27"]
[SourceQuality "1"]

1. e4 c5 2. Nf3 Nf6 3. e5 Nd5 4. Nc3 e6 5. Ne4 f5 6. Nc3 Nc6 7. Nxd5 exd5 8. d4 d6 9. Bf4 cxd4 10. exd6 Bxd6 11. Bxd6 Qxd6 12. Qd2 Qe7+ 13. Be2 0-0 14. 0-0-0 f4 15. Rhe1 Kh8 16. Nxd4 Qf6 17. Bf3 Ne5 18. Bxd5 Bg4 19. f3 Rad8 20. Qa5 Bc8 21. Nb3 Ng6 22. Qxa7 Qg5 23. Be4 Nh4 24. Qc5 Qxc5 25. Nxc5 b6 26. Rxd8 Rxd8 27. Nd3 Nxg2 28. Rg1 Bh3 29. Nf2 1-0

[Event "Bhubaneswar op-A 14th"]
[Site "Bhubaneswar"]
[Date "2023.06.18"]
[Round "10"]
[White "Fedorov, Alexei"]
[Black "Nithin, Babu"]
[Result "1-0"]
[WhiteElo "2449"]
[BlackElo "2011"]
[PlyCount "123"]
[EventDate "2023.06.11"]
[EventType "swiss"]
[EventRounds "10"]
[EventCountry "IND"]
[SourceTitle "CBM 214 Extra"]
[Source "ChessBase"]
[SourceDate "2023.07.31"]
[SourceVersion "1"]
[SourceVersionDate "2023.07.31"]
[SourceQuality "1"]

1. e4 e5 2. Nf3 Nc6 3. Bc4 Bc5 4. c3 Nf6 5. d3 0-0 6. Bg5 h6 7. Bh4 Be7 8. Nbd2 d6 9. Bg3 Na5 10. Bb5 c5 11. Ba4 Nh5 12. 0-0 f5 13. b4 Nxg3 14. hxg3 cxb4 15. cxb4 Nc6 16. Bb3+ Kh8 17. b5 Na5 18. Bd5 a6 19. a4 Bd7 20. Rb1 Qe8 21. d4 axb5 22. axb5 Bxb5 23. Re1 Bd3 24. Rb2 Bf6 25. exf5 Bxf5 26. Ne4 Be7 27. dxe5 dxe5 28. Nxe5 Rd8 29. Rd2 Nc6 30. Bxc6 bxc6 31. Nd6 Bxd6 32. Rxd6 Rxd6 33. Qd4 Rd5 34. Qxd5 Rf6 35. Qd6 Kh7 36. Qc7 Re6 37. Re3 Re7 38. g4 Re6 39. Qd6 Bg6 40. Qd4 Re7 41. f4 Re6 42. Rc3 Rf6 43. Rc5 Qe7 44. Kh2 Rd6 45. Kg3 Bd3 46. Qa4 g5 47. Ra5 Bb5 48. Qc2+ Kg7 49. Qc5 gxf4+ 50. Kh3 Kf6 51. Nf3 Rd5 52. Qc3+ Kg6 53. Ra8 Rd8 54. Ne5+ Kh7 55. Rxd8 Qxd8 56. Qc2+ Bd3 57. Qxd3+ Qxd3+ 58. Nxd3 Kg6 59. Kh4 Kf6 60. Kh5 Kg7 61. Nxf4 Kh7 62. Ne6 1-0

[Event "Bhubaneswar op-A 14th"]
[Site "Bhubaneswar"]
[Date "2023.06.17"]
[Round "9"]
[White "Nithin, Babu"]
[Black "Pawar, Harshit"]
[Result "1-0"]
[WhiteElo "2011"]
[BlackElo "2115"]
[PlyCount "60"]
[EventDate "2023.06.11"]
[EventType "swiss"]
[EventRounds "10"]
[EventCountry "IND"]
[SourceTitle "CBM 214 Extra"]
[Source "ChessBase"]
[SourceDate "2023.07.31"]
[SourceVersion "1"]
[SourceVersionDate "2023.07.31"]
[SourceQuality "1"]

1. e4 e6 2. d4 d5 3. Nc3 Nf6 4. Bg5 Be7 5. e5 Nfd7 6. h4 h6 7. Bxe7 Qxe7 8. f4 a6 9. Nf3 c5 10. Qd2 Nc6 11. Ne2 b5 12. g4 b4 13. a3 Nb6 14. Ng3 a5 15. axb4 axb4 16. Rxa8 Nxa8 17. Nh5 Kf8 18. Bb5 Nxd4 19. Nxd4 cxd4 20. Qxd4 Nc7 21. Bd3 Ne8 22. Kd2 g6 23. Nf6 Kg7 24. g5 Qc7 25. h5 hxg5 26. h6+ Kf8 27. Qxb4+ Qe7 28. Qxe7+ Kxe7 29. Nxe8 Kxe8 30. fxg5 Bb7 1-0

[Event "Bhubaneswar op-A 14th"]
[Site "Bhubaneswar"]
[Date "2023.06.16"]
[Round "8"]
[White "Soureen, Bhattacharya"]
[Black "Nithin, Babu"]
[Result "0-1"]
[WhiteElo "1631"]
[BlackElo "2011"]
[PlyCount "51"]
[EventDate "2023.06.11"]
[EventType "swiss"]
[EventRounds "10"]
[EventCountry "IND"]
[SourceTitle "CBM 214 Extra"]
[Source "ChessBase"]
[SourceDate "2023.07.31"]
[SourceVersion "1"]
[SourceVersionDate "2023.07.31"]
[SourceQuality "1"]

1. e4 c5 2. Nf3 Nc6 3. d4 cxd4 4. Nxd4 e5 5. Nb5 d6 6. N1c3 a6 7. Na3 Be7 8. Nc4 b5 9. Ne3 Nf6 10. Ned5 0-0 11. g3 Be6 12. Bg2 b4 13. Nxf6+ Bxf6 14. Nd5 Bxd5 15. exd5 Na5 16. 0-0 Bg5 17. a3 bxa3 18. Rxa3 Bxc1 19. Qxc1 Nb7 20. Qd2 a5 21. Rfa1 Rb8 22. c3 f5 23. b4 axb4 24. cxb4 Qb6 25. Rc1 e4 26. Qc3 0-1

[Event "Bhubaneswar op-A 14th"]
[Site "Bhubaneswar"]
[Date "2023.06.13"]
[Round "4"]
[White "Nithin, Babu"]
[Black "Savchenko, Boris"]
[Result "0-1"]
[WhiteElo "2011"]
[BlackElo "2524"]
[PlyCount "120"]
[EventDate "2023.06.11"]
[EventType "swiss"]
[EventRounds "10"]
[EventCountry "IND"]
[SourceTitle "CBM 214 Extra"]
[Source "ChessBase"]
[SourceDate "2023.07.31"]
[SourceVersion "1"]
[SourceVersionDate "2023.07.31"]
[SourceQuality "1"]

1. e4 g6 2. d4 Bg7 3. Nc3 c6 4. Be3 d6 5. Qd2 Nd7 6. Nf3 b5 7. Bd3 Bb7 8. Ne2 Ngf6 9. Ng3 Ng4 10. Bf4 e5 11. Bg5 f6 12. Bh4 a6 13. 0-0 c5 14. c3 0-0 15. Rfe1 Qc7 16. a4 c4 17. Bc2 Nb6 18. axb5 axb5 19. Nf1 Nh6 20. Rxa8 Bxa8 21. Bg3 Nf7 22. Qe2 Bc6 23. Ra1 Qb7 24. N1d2 Ra8 25. Qd1 Bh6 26. Rxa8+ Qxa8 27. h4 Qa2 28. Qb1 Qxb1+ 29. Nxb1 Bc1 30. d5 Bd7 31. b3 cxb3 32. Bxb3 f5 33. Nfd2 Na4 34. c4 f4 35. Bh2 b4 36. Kf1 Nd8 37. f3 Kg7 38. Ke1 Nb7 39. Bg1 Kh6 40. Kd1 Bb2 41. Bf2 Bd4 42. Ke1 Nac5 43. Ke2 Kh5 44. g4+ fxg3 45. Bxg3 Na5 46. Bd1 g5 47. hxg5 Kxg5 48. Kf1 Bh3+ 49. Ke2 Bg2 50. Bh2 h5 51. f4+ exf4 52. Nf3+ Bxf3+ 53. Kxf3 Be3 54. Be2 Nab3 55. Bd1 Nd4+ 56. Kg2 Nxe4 57. Bf3 Nc3 58. c5 dxc5 59. d6 Kf6 60. d7 Ke7 0-1

[Event "Bhubaneswar op-A 14th"]
[Site "Bhubaneswar"]
[Date "2023.06.13"]
[Round "3"]
[White "Nithin, Babu"]
[Black "Zakhartsov, Viacheslav V"]
[Result "1-0"]
[WhiteElo "2011"]
[BlackElo "2514"]
[PlyCount "97"]
[EventDate "2023.06.11"]
[EventType "swiss"]
[EventRounds "10"]
[EventCountry "IND"]
[SourceTitle "CBM 214 Extra"]
[Source "ChessBase"]
[SourceDate "2023.07.31"]
[SourceVersion "1"]
[SourceVersionDate "2023.07.31"]
[SourceQuality "1"]

1. e4 c5 2. Nf3 e6 3. d4 cxd4 4. Nxd4 Nf6 5. Nc3 d6 6. g4 h6 7. h4 Nc6 8. Rg1 h5 9. gxh5 Nxh5 10. Bg5 Nf6 11. Qd2 Qb6 12. Nb3 a6 13. 0-0-0 Bd7 14. Kb1 Qc7 15. Be2 b5 16. a3 Rb8 17. Qe3 b4 18. axb4 Nxb4 19. Nd2 Bc6 20. Nc4 Nh7 21. Bf4 e5 22. Bg3 Nf6 23. f4 Nd7 24. Rd2 Rh6 25. Rgd1 Ba8 26. fxe5 Nxe5 27. Nxe5 dxe5 28. Rd7 Qb6 29. Bc4 Be7 30. Qxb6 Rhxb6 31. Bxe5 Rc8 32. Bb3 Bc6 33. R7d2 f6 34. Bf4 Rb7 35. h5 Bc5 36. Be6 Ra8 37. Rg2 Rd8 38. Rxd8+ Kxd8 39. Bb3 Be8 40. Rh2 Re7 41. e5 Kc8 42. e6 Kb7 43. Ne4 Kb6 44. Rd2 Rb7 45. Nxc5 Kxc5 46. Be3+ Kb5 47. c3 Bxh5 48. cxb4 Kxb4 49. Rd7 1-0

[Event "Indore op 1st"]
[Site "Indore"]
[Date "2023.04.04"]
[Round "6"]
[White "Mirzoev, Azer"]
[Black "Nithin, Babu"]
[Result "1-0"]
[WhiteElo "2437"]
[BlackElo "2072"]
[PlyCount "117"]
[EventDate "2023.04.01"]
[EventType "swiss"]
[EventRounds "10"]
[EventCountry "IND"]
[SourceTitle "CBM 213 Extra"]
[Source "ChessBase"]
[SourceDate "2023.05.31"]
[SourceVersion "1"]
[SourceVersionDate "2023.05.31"]
[SourceQuality "1"]

1. d4 Nf6 2. Nf3 d5 3. c4 e6 4. Nc3 a6 5. c5 b6 6. cxb6 c5 7. Bf4 Bd6 8. Bxd6 Qxd6 9. dxc5 Qxc5 10. Qd4 Qd6 11. e3 0-0 12. Be2 Nbd7 13. 0-0 e5 14. Qd2 Nxb6 15. Rfd1 Bb7 16. Rac1 Qe7 17. b3 Rad8 18. Qb2 Rfe8 19. h3 h6 20. Nb1 Ne4 21. Nbd2 Nd6 22. Nf1 Ra8 23. Ng3 a5 24. a4 Ra7 25. Qc2 Rc8 26. Qd2 Raa8 27. Rxc8+ Nbxc8 28. Qc3 f6 29. Nh4 Qd8 30. Bg4 Ne7 31. Be6+ Kh8 32. Qc2 Rb8 33. Ng6+ Nxg6 34. Qxg6 Qe8 35. Qg4 Qe7 36. Bxd5 Bc8 37. Qe2 f5 38. Qd2 Rb4 39. Qc3 f4 40. exf4 exf4 41. Ne4 Bf5 42. Nxd6 Qxd6 43. Bf3 Qg6 44. Rd8+ Kh7 45. Bd5 Qb6 46. Bg8+ Kg6 47. Qd2 Qc5 48. Rd6+ Kg5 49. Bc4 Qe5 50. Rd5 Qe4 51. g4 Kh4 52. gxf5 g5 53. Qd3 Qe1+ 54. Kg2 h5 55. Rd4 g4 56. hxg4 hxg4 57. Rxf4 Kg5 58. Re4 Qa1 59. Qe3+ 1-0

[Event "IND-chT 42nd"]
[Site "Pollachi"]
[Date "2023.02.12"]
[Round "4.3"]
[White "Visakh, Narayanan Rajeswari"]
[Black "Nithin, Babu"]
[Result "1-0"]
[WhiteElo "2548"]
[BlackElo "2053"]
[PlyCount "109"]
[EventDate "2023.02.10"]
[EventType "team-swiss"]
[EventRounds "9"]
[EventCountry "IND"]
[SourceTitle "CBM 212 Extra"]
[Source "ChessBase"]
[SourceDate "2023.03.31"]
[SourceVersion "1"]
[SourceVersionDate "2023.03.31"]
[SourceQuality "1"]
[WhiteTeam "RSPB"]
[BlackTeam "Kerala II"]
[WhiteTeamCountry "IND"]
[BlackTeamCountry "IND"]

1. d4 Nf6 2. c4 e6 3. Nf3 d5 4. Nc3 a6 5. cxd5 exd5 6. Bg5 Be6 7. e3 Nbd7 8. Bd3 c6 9. 0-0 Bd6 10. h3 Qc7 11. Qd2 h6 12. Bf4 g5 13. Bxd6 Qxd6 14. Nh2 Rg8 15. Ne2 Ne4 16. Qc2 Ndf6 17. f3 Ng3 18. Nxg3 Qxg3 19. Qf2 Qxf2+ 20. Rxf2 h5 21. g4 Ke7 22. Nf1 hxg4 23. hxg4 Ne8 24. Ng3 Nd6 25. Rh2 Rh8 26. Rxh8 Rxh8 27. Kg2 Kd7 28. Re1 Kc7 29. b3 a5 30. Nh5 a4 31. b4 a3 32. Kg3 Ra8 33. Rb1 Kb6 34. Nf6 Ra4 35. Nh7 Nc4 36. Nxg5 Nxe3 37. Re1 Nc4 38. Nxe6 fxe6 39. g5 Ra8 40. Rxe6 Kb5 41. Bh7 Rd8 42. g6 Rd7 43. f4 Nd2 44. f5 Ne4+ 45. Kf4 Kxb4 46. f6 Nxf6 47. Rxf6 Re7 48. Rf7 Re1 49. Rxb7+ Kc3 50. g7 Rg1 51. Rb3+ Kxd4 52. Rg3 Rf1+ 53. Kg4 Rf2 54. g8Q Rxa2 55. Qg7+ 1-0

[Event "Raipur Chhattisgarh"]
[Site "Raipur"]
[Date "2022.09.25"]
[Round "7"]
[White "Dhananjay, S."]
[Black "Nithin, Babu"]
[Result "1/2-1/2"]
[WhiteElo "2197"]
[BlackElo "1990"]
[PlyCount "112"]
[EventDate "2022.09.19"]
[EventType "swiss"]
[EventRounds "10"]
[EventCountry "IND"]
[SourceTitle "CBM 210 Extra"]
[Source "ChessBase"]
[SourceDate "2022.11.30"]
[SourceVersion "1"]
[SourceVersionDate "2022.11.30"]
[SourceQuality "1"]

1. Nf3 c5 2. g3 d5 3. Bg2 Nc6 4. d4 Nf6 5. 0-0 e6 6. c4 dxc4 7. dxc5 Qxd1 8. Rxd1 Bxc5 9. Nbd2 c3 10. bxc3 0-0 11. Nb3 Be7 12. c4 Bd7 13. Bb2 Rfc8 14. Rac1 Rc7 15. Nfd4 Nxd4 16. Bxd4 Bc6 17. Be5 Rcc8 18. Bxc6 Rxc6 19. Na5 Rc5 20. Bxf6 gxf6 21. Nxb7 Rc7 22. Rb1 Rac8 23. Na5 Bf8 24. Rb5 Rc5 25. Rd4 f5 26. Rd7 a6 27. Rxc5 Rxc5 28. Nb3 Rxc4 29. Ra7 Ra4 30. Nc1 Bb4 31. Nd3 Bf8 32. Nc1 Kg7 33. Rc7 e5 34. Rc2 e4 35. Nb3 Bd6 36. e3 Be5 37. Kf1 Ra3 38. Ke2 a5 39. Nd2 Rc3 40. Rxc3 Bxc3 41. Nb1 Bb4 42. a3 Bc5 43. Kd2 Kg6 44. Kc3 f4 45. gxf4 Kh5 46. Kc4 Bf8 47. a4 Kg4 48. Nd2 f5 49. Nf1 Bb4 50. Ng3 Be1 51. h3+ Kxh3 52. Nxf5 Kg4 53. Nd6 Bxf2 54. Nxe4 Bxe3 55. Nf6+ Kxf4 56. Nxh7 Ke5 1/2-1/2

[Event "IND-ch U19 46th"]
[Site "Rajahmundry"]
[Date "2016.10.09"]
[Round "2"]
[White "Nithin, Babu"]
[Black "Sankalp, Gupta"]
[Result "0-1"]
[WhiteElo "1899"]
[BlackElo "2204"]
[PlyCount "62"]
[EventDate "2016.10.08"]
[EventType "swiss"]
[EventRounds "11"]
[EventCountry "IND"]
[SourceTitle "CBM 175 Extra"]
[Source "ChessBase"]
[SourceDate "2016.12.12"]
[SourceVersion "1"]
[SourceVersionDate "2016.12.12"]
[SourceQuality "1"]

1. e4 e6 2. d4 d5 3. Nc3 Nf6 4. Bg5 Bb4 5. e5 h6 6. exf6 hxg5 7. fxg7 Rg8 8. h4 gxh4 9. Nf3 Qf6 10. Qd2 Bd7 11. Rxh4 Nc6 12. a3 Be7 13. 0-0-0 Qxg7 14. Rh2 a6 15. g3 0-0-0 16. Bg2 Bf6 17. Ne2 e5 18. dxe5 Nxe5 19. Nxe5 Bxe5 20. c3 Ba4 21. Rdh1 d4 22. cxd4 Bxd4 23. Nxd4 Rxd4 24. Qc3 Rgd8 25. Bf3 Qg5+ 26. Kb1 Qf5+ 27. Ka1 Rd3 28. Qb4 Qxf3 29. Qxa4 Rd1+ 30. Rxd1 Qd5 31. Qb3 Qxb3 0-1